Retrouvez ces joueurs de football #1 - Statistiques

Statistiques générales
  • Ce quiz a été pris 2 113 fois
  • Le résultat moyen est 10 sur 15
Statistiques - réponses
Par images Réponse % Correct
Olivier Giroud
89%
Matthijs De Ligt
81%
Thiago Silva
80%
Virgil Van Dijk
79%
Thibaut Courtois
78%
Pierre-Emerick Aubameyang
75%
Philippe Coutinho
72%
Victor Osimhen
71%
Edin Džeko
68%
Dries Mertens
67%
David Luiz
65%
Mattéo Guendouzi
62%
Miralem Pjanić
58%
Christian Eriksen
54%
Axel Witsel
50%
Aucun quiz correspondant
Distribution des résultats
% des personnes avec chaque résultat
Percentile par nombre de réponses
Votre historique - résultats
Vous n’avez pas pris ce quiz